000 00251nam a2200097 4500
999 _c511971
_d511971
082 _aA45:Z4/2019
100 _aIndia.National Cereals Products Limited
_912532
245 _aAnnual report and accounts 2019
260 _aSolan
_bThe author
300 _a82p